000 00902nam a22002657a 4500
001 9319
003 FISKH
005 20251210143107.0
008 251210b cb ||||| |||| 00| 0 eng d
020 _a9780545621274
040 _aFISKH
_beng
_cFISKH
_dFISKH
082 _a740
100 _aReisman , David
245 _aThe unexpected world of nature /
_cBy David Reisman
260 _aNew York :
_bScholastic ,
_c2008 .
300 _a32 unnumbered pages :
_bcolor illustrations ;
_c28 cm .
490 _aNature
505 _aZ
520 _aFrom mighty predators that are feared, to animals in danger, to real and imagined monsters, this graphic novel's bold illustrations and compelling text present issues from a fresh point of view.
521 8 _a900
_bLexile GN
521 8 _aZ
_bRaz-Plus
650 _aGraphic novel
_vNon-fiction
942 _2ddc
_cBK
_n0
999 _c9319
_d9319